00685nam a22001937a 4500003000400000005001700004008004100021020001500062040002900077050002400106100001700130245008500147260005300232300003000285650007400315650004200389650003400431650002600465OSt20260609122304.0260609b |||||||| |||| 00| 0 eng d a0872071995 cChuka University Library aLB 4806.4b.B3 1999 aBarone Diane aResilient Children: Stories of Poverty, Drug Exposure, and Literacy Development aChicagobInternational Reading Associationc1999 axiii, 241PbIllustrations aChildren and Prenatal Substance Abuse-Education(primary)-Case Studies aPoor Children- Education-Case Studies aReading(primary)-Case Studies aLiteracy-Case Studies